Loading...
| Current Events | 3 | 16.67 | 100% | 67% | 0% |
| Fine Arts - Classical Music | 7 | 8.57 | 57% | 29% | 0% |
| Fine Arts - Other | 6 | 8.33 | 83% | 0% | 0% |
| Fine Arts - Painting and Sculpture | 8 | 16.25 | 100% | 38% | 25% |
| History - American | 6 | 8.33 | 67% | 17% | 0% |
| History - European | 7 | 15.71 | 100% | 57% | 0% |
| History - Other | 6 | 18.33 | 83% | 67% | 33% |
| History - World | 7 | 20.00 | 71% | 100% | 29% |
| Literature - American | 6 | 15.00 | 100% | 33% | 17% |
| Literature - British | 5 | 12.00 | 80% | 20% | 20% |
| Literature - European | 5 | 16.00 | 100% | 60% | 0% |
| Mythology | 4 | 20.00 | 100% | 75% | 25% |
| Other Academic | 1 | 10.00 | 100% | 0% | 0% |
| Philosophy | 5 | 14.00 | 100% | 20% | 20% |
| Pop Culture | 2 | 20.00 | 100% | 100% | 0% |
| Religion | 7 | 15.71 | 100% | 57% | 0% |
| Science - Biology | 5 | 20.00 | 100% | 40% | 60% |
| Science - Chemistry | 5 | 18.00 | 100% | 80% | 0% |
| Science - Other | 4 | 15.00 | 100% | 50% | 0% |
| Science - Physics | 5 | 14.00 | 80% | 60% | 0% |
| Social Science | 5 | 8.00 | 60% | 0% | 20% |